Нефтяная промысловая механика; Ч. 1 : Записки по курсу читаемому проф. Л. С. Лейбензоном на нефтяном факультете М. Г. А.

Бібліографічні деталі
Співавтор: Московская горная академия (МГА)
Інші автори: Титков Н. И. (составитель), Лейбензон Л. С. (редактор)
Мова:Російська
Опубліковано: Москва, Ленинградская правда, 1929
Предмети:
Формат: MixedMaterials Книга
KOHA link:https://koha.lib.tpu.ru/cgi-bin/koha/opac-detail.pl?biblionumber=234718

MARC

LEADER 00000nam0a2200000 4500
001 234718
005 20231101231338.0
035 |a (RuTPU)RU\TPU\book\255844 
090 |a 234718 
100 |a 20130328d1929 k y0rusy50 ca 
101 0 |a rus 
102 |a RU 
105 |a a z 000zy 
200 1 |a Нефтяная промысловая механика  |h Ч. 1 : Записки по курсу читаемому проф. Л. С. Лейбензоном на нефтяном факультете М. Г. А.  |f Московская горная академия (МГА) ; сост. Н. И. Титков ; под ред. Л. С. Лейбензона 
210 |a Москва  |c Ленинградская правда  |d 1929 
215 |a 100 с.  |c ил. 
606 1 |a Нефтяная гидравлика  |x Математические методы  |x Фильтрация релаксационная  |2 stltpush  |3 (RuTPU)RU\TPU\subj\45906  |9 65095 
610 1 |a промысловая механика 
610 1 |a гидравлика 
610 1 |a нефть 
610 1 |a мазут 
610 1 |a движение по трубам 
610 1 |a газопроводы 
610 1 |a резервуары 
610 1 |a пористые среды 
675 |a 622.276:532  |v 3 
702 1 |a Титков  |b Н. И.  |4 220 
702 1 |a Лейбензон  |b Л. С.  |4 340 
712 0 2 |a Московская горная академия (МГА)  |c (1918-1930)  |2 stltpush  |3 (RuTPU)RU\TPU\col\18514 
801 1 |a RU  |b 63413507  |c 20130328 
801 2 |a RU  |b 63413507  |c 20130409  |g RCR 
942 |c BK